| 000 | 00394 a2200133 4500 | ||
|---|---|---|---|
| 005 | 20250319094809.0 | ||
| 082 | _a510.65 KEM | ||
| 100 | _aKEMENY, J. G. | ||
| 245 | _aFinite Mathematics with Business Applications | ||
| 260 |
_aLondon, _bPrentice-Hall, _c1962. |
||
| 300 |
_axii, 482p.: ill,; figure, table _bIndex. _c24cm. |
||
| 700 | _aSCHEIFER, A., SNELL, J. L & THOMPSON, G. L. | ||
| 942 |
_2ddc _cBKS |
||
| 999 |
_c932 _d932 |
||